South Dakota Towns Quiz Stats

 Plays Quiz not verified by Sporcle

Challenge
Share
Tweet
Embed
Score 0/50 Timer 10:00
0 Plays Today
Cities of South Dakota % Correct
Sioux Falls
82.6%
Rapid City
73.9%
Pierre
58%
Mitchell
46.4%
Brookings
44.9%
Yankton
40.6%
Spearfish
24.6%
Tea
18.8%
Brandon
17.4%
ReservationRose
15.9%
Hot Springs
14.5%
Deadwood
13%
Fort Pierre
10.1%
Buffalo
10.1%
Dell Rapids
8.7%
Hartford
8.7%
Sioux City
7.2%
Baltic
7.2%
Lennox
7.2%
Abredeen
5.8%
Eagle Butte
5.8%
Lead
5.8%
Elk Point
5.8%
Canastota
5.8%
Salem
5.8%
Cities of South Dakota % Correct
Gettysburg
4.3%
Lemon
4.3%
Bath
4.3%
Garretson
4.3%
Colton
4.3%
Renner
4.3%
Bridgewater
4.3%
Chamberlin
2.9%
Corson
2.9%
Aurora
2.9%
Blunt
2.9%
Valley Springs
2.9%
Hamlin
2.9%
Vermilliol
2.9%
Crooks
2.9%
Puckwanna
2.9%
Emery
2.9%
Blunt
2.9%
Bearsford
2.9%
Humbolt
2.9%
Roweana
1.4%
Freeman
1.4%
Ethan
1.4%
Harrispurg
1.4%
Elkton
1.4%

You're not logged in!

Compare scores with friends on all Sporcle quizzes.
Join for Free
OR
Log In

You Might Also Like...

Show Comments

Extras

Top Quizzes Today


Score Distribution

Your Account Isn't Verified!

In order to create a playlist on Sporcle, you need to verify the email address you used during registration. Go to your Sporcle Settings to finish the process.

Report this User

Report this user for behavior that violates our Community Guidelines.

Details: